Normal view
MARC view
- الأعظمي، سعيد رشيد ؛ريم عبدالله الكناني
Entry Personal Name
001 - CONTROL NUMBER
- control field: 56631
003 - CONTROL NUMBER IDENTIFIER
- control field: JO-AjAnu
005 - DATE AND TIME OF LATEST TRANSACTION
- control field: 20230606083259.0
008 - FIXED-LENGTH DATA ELEMENTS
- fixed length control field: 230606|| aca||aabn | a|a d
040 ## - CATALOGING SOURCE
- Original cataloging agency: JO-AjAnu
- Transcribing agency: JO-AjAnu
100 ## - HEADING--PERSONAL NAME
- Personal name: الأعظمي، سعيد رشيد ؛ريم عبدالله الكناني
670 ## - SOURCE DATA FOUND
- Source citation: Work cat.: (JO-AjAnu)28898: الأعظمي، سعيد رشيد ؛ريم عبدالله الكناني, author, إرشاد وتوجيه ذوي الإحتياجات الخاصة: دراسة نقدية معاصرة